[Event "GRE-ch U20"]
[Site "Trikala"]
[Date "2023.04.20"]
[Round "4"]
[White "Fotiadis, Lazaros"]
[Black "Dristellas, Neoklis"]
[Result "0-1"]
[WhiteElo "1555"]
[BlackElo "1887"]
[PlyCount "88"]
[EventDate "2023.04.18"]
[EventType "swiss"]
[EventRounds "9"]
[EventCountry "GRE"]
[SourceTitle "EXT 2024"]
[Source "ChessBase"]
[SourceDate "2023.10.10"]
[SourceVersion "1"]
[SourceVersionDate "2023.10.10"]
[SourceQuality "1"]

1. d4 Nf6 2. c4 e6 3. Nc3 Bb4 4. e3 0-0 5. Bd3 d5 6. Nge2 Re8 7. a3 Be7 8. c5 b6 9. b4 Bb7 10. Bb2 Nbd7 11. 0-0 e5 12. Rc1 bxc5 13. dxc5 e4 14. Bb1 c6 15. Qd4 Ba6 16. f3 Qb8 17. Ba1 exf3 18. Rxf3 Ne5 19. Rf5 Nfg4 20. b5 Nf3+ 21. Rxf3 Qxh2+ 22. Kf1 Qh1+ 23. Ng1 h5 24. Rh3 Nh2+ 25. Rxh2 Qxh2 26. bxa6 Bf6 27. Qf4 Qh1 28. Nd1 Bxa1 29. Nf2 Be5 30. Qxf7+ Kxf7 31. Nxh1 Bb2 32. Rc2 Bxa3 33. Rf2+ Kg8 34. Bg6 Rxe3 35. Bxh5 Rb8 36. g3 Rb1+ 37. Kg2 Ree1 38. Nf3 Rxh1 39. Bg4 Rh6 40. Ne5 Rb2 41. Nd3 Rxf2+ 42. Kxf2 Rh2+ 43. Ke3 Rc2 44. Kd4 Rc4+ 0-1

[Event "GRE-ch U20"]
[Site "Trikala"]
[Date "2023.04.19"]
[Round "2"]
[White "Fotiadis, Lazaros"]
[Black "Siskos, Vasileios NA"]
[Result "1-0"]
[WhiteElo "1555"]
[BlackElo "1139"]
[PlyCount "105"]
[EventDate "2023.04.18"]
[EventType "swiss"]
[EventRounds "9"]
[EventCountry "GRE"]
[SourceTitle "EXT 2024"]
[Source "ChessBase"]
[SourceDate "2023.10.10"]
[SourceVersion "1"]
[SourceVersionDate "2023.10.10"]
[SourceQuality "1"]

1. d4 Nf6 2. c4 e6 3. Nc3 d5 4. cxd5 exd5 5. Bg5 Be7 6. Qc2 Nbd7 7. e3 0-0 8. Bd3 g6 9. Nge2 b6 10. 0-0 Bb7 11. f3 c5 12. b3 cxd4 13. Nxd4 Nc5 14. Rfe1 Nxd3 15. Qxd3 Re8 16. a4 a6 17. Rac1 Rc8 18. Nde2 Bc5 19. Nd4 Be7 20. Nce2 Qd6 21. Rxc8 Rxc8 22. Rc1 Rxc1+ 23. Nxc1 Nd7 24. Bxe7 Qxe7 25. Qc3 Nc5 26. g3 f5 27. Kf2 g5 28. Nxf5 Qd7 29. Nh6+ Kf8 30. Qh8+ Ke7 31. Qxh7+ Kd6 32. Qxd7+ Nxd7 33. Nf7+ Kc5 34. Nd3+ Kc6 35. Nxg5 b5 36. Ne6 Kd6 37. Nd4 bxa4 38. bxa4 Nc5 39. Nxc5 Kxc5 40. h4 Kd6 41. h5 Ke7 42. g4 Kf7 43. f4 Kg8 44. g5 Kh8 45. Kf3 Kg7 46. Nf5+ Kg8 47. Kg4 Kh8 48. g6 Kg8 49. Kg5 Kh8 50. h6 Kg8 51. h7+ Kh8 52. Kh6 Bc8 53. g7# 1-0

[Event "GRE-chT U16 9th"]
[Site "Thessaloniki"]
[Date "2016.12.17"]
[Round "5.1"]
[White "Tsialis, Michail"]
[Black "Fotiadis, Lazaros"]
[Result "1/2-1/2"]
[WhiteElo "1148"]
[BlackElo "1406"]
[PlyCount "109"]
[EventDate "2016.12.15"]
[EventType "team-swiss"]
[EventRounds "6"]
[EventCountry "GRE"]
[SourceTitle "CBM 176 Extra"]
[Source "ChessBase"]
[SourceDate "2017.03.02"]
[SourceVersion "1"]
[SourceVersionDate "2017.03.02"]
[SourceQuality "1"]
[WhiteTeam "Triandrias"]
[BlackTeam "Volou SE"]
[WhiteTeamCountry "GRE"]
[BlackTeamCountry "GRE"]

1. d4 Nf6 2. c4 e6 3. Nc3 Bb4 4. Nf3 0-0 5. Bg5 h6 6. Bh4 Nc6 7. e3 d5 8. Bd3 Be7 9. 0-0 b6 10. Re1 Bb7 11. Qe2 Nb4 12. Bg3 Nxd3 13. Qxd3 dxc4 14. Qxc4 Bxf3 15. gxf3 c5 16. Rad1 cxd4 17. Rxd4 Qc8 18. Qe2 Qb7 19. Rc1 Rfd8 20. Rcd1 Rxd4 21. Rxd4 Rd8 22. Rxd8+ Bxd8 23. Qd3 Be7 24. e4 Nd7 25. Nb5 Nc5 26. Qd4 Qa6 27. Nc3 Qd3 28. Qxd3 Nxd3 29. b3 Nc1 30. Bf4 Bb4 31. Bxc1 Bxc3 32. Kf1 Bd4 33. Ke2 Kh7 34. a4 Kg6 35. Bf4 e5 36. Bg3 Kg5 37. Kf1 h5 38. h4+ Kf6 39. f4 g6 40. Ke2 a5 41. Kd3 exf4 42. Kxd4 fxg3 43. fxg3 Ke6 44. e5 f6 45. exf6 Kxf6 46. Kd5 Kf5 47. Kc6 Kg4 48. Kxb6 Kxg3 49. Kxa5 Kxh4 50. Kb5 g5 51. a5 g4 52. a6 g3 53. a7 g2 54. a8Q g1Q 55. Qe4+ 1/2-1/2